000 00617nam a2200241Ia 4500
003 OSt
005 20220927110456.0
006 a|||||r|||| 00| 0
007 ta
008 220926b |||||||| |||| 00| 0 eng d
024 _a116678
037 _cReports
040 _aRTL
_cRTL
_beng
041 _2eng
_aeng
082 _a"NB.2.N48t, H8"
100 _aShah K T Ed.
_9378641
245 0 _aNational housing
260 _c1948
490 _aNational Planning Committee Series
650 _aFine Arts
942 _h"NB.2.N48t, H8"
_cCC
999 _c696921
_d696921